| 000 | 00882nam a22002295i 4500 | ||
|---|---|---|---|
| 001 | 167312 | ||
| 003 | ES-MaACL | ||
| 005 | 20250818063111.0 | ||
| 008 | 010307q18701925sp a |||| | spa d | ||
| 040 |
_aCAM _bspa _cCAM |
||
| 100 | 1 |
_aVerne, Jules, _d1828-1905 _9188654 |
|
| 245 | 1 | 3 |
_aEl pueblo aéreo / _cobra escrita en francés por Julio Verne. |
| 250 | _aEd. il. con grab. | ||
| 260 |
_aMadrid : _bSáenz de Jubera, Hermanos, _c[s.a.] ( _fEstablecimiento tipográfico "Sucesores de Rivadeneyra") |
||
| 300 |
_a104 p. : _bil. ; _c28 cm. |
||
| 490 | 1 | _aObras de Julio Verne | |
| 596 | 1 | _aSáenz de Jubera Hermanos ejerce ca. 1870-1925. | |
| 597 | 1 | _aTexto a dos col. | |
| 830 | 0 | 0 |
_aObras completas de Julio Verne ilustradas con grabados _9222615 |
| 852 |
_aES-MaACL _jB-12398(4) _z-- Enc. ed. en tela roja con planchas polícromas |
||
| 999 |
_c167312 _d167312 |
||